Being God's people : (Record no. 1814)

MARC details
000 -LEADER
fixed length control field 01167nam a2200289 a 4500
001 - CONTROL NUMBER
control field 2457339
003 - CONTROL NUMBER IDENTIFIER
control field GBCCL
005 - DATE AND TIME OF LATEST TRANSACTION
control field 20241126110410.0
008 - FIXED-LENGTH DATA ELEMENTS--GENERAL INFORMATION
fixed length control field 890217s1987 tnu b 000 0 eng
010 ## -
-- 89115421
040 ## - CATALOGING SOURCE
Original cataloging agency DLC
Transcribing agency DLC
Modifying agency DLC
050 00 -
-- BV2520
-- .O77 1989
082 00 - DEWEY DECIMAL CLASSIFICATION NUMBER
Classification number 266.6132
Edition information 20
Item number ORR
100 1# - MAIN ENTRY--PERSONAL NAME
Personal name Orr, Robert A.
9 (RLIN) 3772
245 10 - TITLE STATEMENT
Title Being God's people :
Remainder of title a Southern Baptist Church on bold mission /
Statement of responsibility, etc. Robert A. Orr.
260 ## - PUBLICATION, DISTRIBUTION, ETC.
Place of publication, distribution, etc. Nashville, Tenn. :
Name of publisher, distributor, etc. Convention Press,
Date of publication, distribution, etc. c1987.
300 ## - PHYSICAL DESCRIPTION
Extent 190 p. ;
Dimensions 20 cm.
500 ## - GENERAL NOTE
General note "This book is the text for course number 01020 in the subject area 'The Church' of the Church study course"--T.p. verso.
500 ## - GENERAL NOTE
General note "This book is based on a 1986 update of the 1979 document that was the basis for A church on mission"--p. 4.
504 ## - BIBLIOGRAPHY, ETC. NOTE
Bibliography, etc. note Includes bibliographical references.
610 20 - SUBJECT ADDED ENTRY--CORPORATE NAME
Corporate name or jurisdiction name as entry element Southern Baptist Convention
General subdivision Missions.
9 (RLIN) 3773
650 #0 - SUBJECT ADDED ENTRY--TOPICAL TERM
Topical term or geographic name entry element Baptists
General subdivision Missions.
9 (RLIN) 2908
650 #0 - SUBJECT ADDED ENTRY--TOPICAL TERM
Topical term or geographic name entry element Evangelistic work.
9 (RLIN) 290
906 ## - LOCAL DATA ELEMENT F, LDF (RLIN)
a 7
b cbc
c orignew
d 3
e ncip
f 19
g y-gencatlg
942 ## - ADDED ENTRY ELEMENTS (KOHA)
Source of classification or shelving scheme Dewey Decimal Classification
Koha item type Books
Holdings
Withdrawn status Lost status Source of classification or shelving scheme Damaged status Not for loan Home library Current Library Shelving location Date acquired Total checkouts Full call number Barcode Date last seen Copy number Price effective from Koha item type
    Dewey Decimal Classification     GRACE BIBLE COLLEGE GRACE BIBLE COLLEGE Ministry & Mission 2017-05-25   266.6132 ORR 008238 2025-05-01 c.1 2017-05-25 Books
© Grace Bible College Library 2025